书目信息 |
| 题名: |
大学情感教育读本
|
|
| 作者: | 田玲 主编 | |
| 分册: | ||
| 出版信息: | 北京 北京大学出版社 2008 |
|
| 页数: | 287页 | |
| 开本: | 23cm | |
| 丛书名: | ||
| 单 册: | ||
| 中图分类: | B844.2 | |
| 科图分类: | ||
| 主题词: | 心理健康 , 大学生--心理健康 , 大学生 , 心理过程 , 心理状态 | |
| 电子资源: | ||
| ISBN: | 978-7-301-13222-7 | |
| 000 | 00885nam0 2200277 450 | |
| 001 | 1262302459 | |
| 005 | 20090929094648.76 | |
| 010 | @a978-7-301-13222-7@dCNY28.00 | |
| 100 | @a20080317d2008 em y0chiy50 ea | |
| 101 | 0 | @achi |
| 102 | @aCN@b110000 | |
| 105 | @ay z 000yy | |
| 106 | @ar | |
| 200 | 1 | @a大学情感教育读本@f田玲主编@Ada xue qing gan jiao yu du ben |
| 210 | @a北京@c北京大学出版社@d2008 | |
| 215 | @a287页@d23cm | |
| 330 | @a本书披露了近百位大学生的情感经历、心理历程,全面展现了当代大学生在自我认识、友谊和婚姻恋爱等方面存在的误区和困惑,探索了大学生心理健康和情感健康教育的新途径。 | |
| 606 | 0 | @a心理健康 |
| 606 | 0 | @a大学生@x心理健康 |
| 606 | 0 | @a大学生 |
| 606 | 0 | @a心理过程 |
| 606 | 0 | @a心理状态 |
| 690 | @aB844.2@v4 | |
| 701 | 0 | @a田玲@c(博士)@4主编@Atian ling |
| 801 | 0 | @aCN@b110019@c20080118 |
| 905 | @a10447@dB842.6@eJY446 | |
| 大学情感教育读本/田玲主编.-北京:北京大学出版社,2008 |
| 287页;23cm |
| ISBN 978-7-301-13222-7:CNY28.00 |
| 本书披露了近百位大学生的情感经历、心理历程,全面展现了当代大学生在自我认识、友谊和婚姻恋爱等方面存在的误区和困惑,探索了大学生心理健康和情感健康教育的新途径。 |
| ● |
| 相关链接 |
|
|
|
|
正题名:大学情感教育读本
索取号:B842.6/JY446
 
预约/预借
| 序号 | 登录号 | 条形码 | 馆藏地/架位号 | 状态 | 备注 |
| 1 | 7804256 | 278042565 | 学院路分馆/ [索取号:B842.6/JY446] | 在馆 | |
| 2 | 7804257 | 278042574 | 学院路分馆/ [索取号:B842.6/JY446] | 在馆 | |
| 3 | 7804258 | 278042583 | 学院路分馆/ [索取号:B842.6/JY446] | 在馆 |